[Event "German Bundesliga 2021-22"]
[Site "Germany"]
[Date "2022.04.30"]
[Round "5.4"]
[White "Lokander, Martin"]
[Black "Arnaudov, G. Petar"]
[Result "1-0"]
[WhiteElo "2473"]
[BlackElo "2469"]
[Annotator "TA"]
[PlyCount "135"]
[EventDate "2022.03.05"]
[EventType "team-tourn"]
[EventCountry "GER"]
[SourceTitle "playchess.com"]
[Source "ChessBase"]
[SourceQuality "1"]
[TimeControl "40/5400+30:1800+30"]

{[%evp 19,135,24,24,20,25,17,36,38,34,41,43,35,42,34,34,20,25,12,47,31,124,113,156,155,147,151,190,140,265,259,429,419,494,487,499,496,477,477,470,383,463,457,496,494,481,406,398,396,426,376,395,404,416,420,420,395,408,404,403,390,362,221,220,218,205,210,200,186,235,259,345,224,364,338,588,882,29964,29966,29966,29967,29966,29969,29969,29970,29974,29975,29976,29977,29978,29979,29979,29980,29981,29980,29980,29978,29982,29983,29983,29983,29983,29982,29982,0,29983,29984,29984,29985,29985,29986,29985,29984,29986,29983,29983,29984,29984,29985]} 1. d4 {[%emt 0:00:00]} Nf6 {[%emt 0:00:00]} 2. c4 {[%emt 0:00:00]} e6 {[%emt 0:00:00]} 3. Nf3 {[%emt 0:00:00]} Bb4+ {[%emt 0:00:00]} 4. Nc3 {[%emt 0:00:00]} b6 {[%emt 0:00:00]} 5. Bd2 {[%emt 0:00:00]} Bb7 {[%emt 0:00:00]} 6. e3 {[%emt 0:00:00]} O-O {[%emt 0:00:00]} 7. Bd3 {[%emt 0:00:00]} d6 {[%emt 0:00:00]} 8. O-O {[%emt 0:00:00]} Nbd7 {[%emt 0:00:00]} 9. a3 {[%emt 0:00:00]} Bxc3 {[%emt 0:00:00]} 10. Bxc3 {[%emt 0:00:00]} Ne4 {[%emt 0:00:45]} 11. Be1 {[%emt 0:03:10] E21: Nimzo-Indian: 4 Nf3.} f5 {[%emt 0:04:26]} 12. Nd2 {[%emt 0:00:27]} Qg5 {[%emt 0:02:34] aiming for ...Nxd2.} 13. f4 {[%emt 0:03:05] White is slightly better.} Qg6 {[%emt 0:01:26][%cal Oe4c3] White must now prevent ...Nc3!} 14. Nxe4 {[%emt 0:01:15]} Bxe4 {[%emt 0:01:44]} 15. Bxe4 {[%emt 0:00:51]} fxe4 {[%emt 0:00:07]} 16. Qa4 {[%emt 0:01:31]} Nf6 {[%emt 0:05:46]} 17. Qc6 {[%emt 0:04:06] [#]} Qf7 $146 {[%emt 0:12:43]} ({Predecessor:} 17... Rac8 18. Bh4 Ng4 19. Rae1 Qh5 20. Bg3 Nf6 21. h3 Qe8 22. Qxe8 Rcxe8 23. Bh4 Nd7 {0-1 (62) Petkov,M (2315)-Amin,B (2686) Chess.com INT 2020}) 18. b4 {[%emt 0:16:57]} d5 {[%emt 0:03:18]} 19. Bh4 {[%emt 0:03:34] Bxf6 is the strong threat.} Ng4 {[%emt 0:04:02] White now steadily converts the win.} (19... Qe8 $1 $14 20. Qxe8 (20. Qxc7 Ng4 $11) 20... Nxe8) 20. Rae1 $16 {[%emt 0:05:44]} Nh6 {[%emt 0:00:33]} 21. cxd5 {[%emt 0:01:50]} exd5 {[%emt 0:00:30]} 22. f5 $1 {[%emt 0:05:36] White is more active.} Rae8 {[%emt 0:05:16]} (22... Nxf5 $2 23. g4 Qg6 24. Qxg6 (24. Qxd5+ Kh8 $17) 24... hxg6 25. gxf5 $18) 23. Bg5 {[%emt 0:16:02]} (23. f6 $6 Re6 24. Qb7 (24. Qxd5 Rxf6 25. Qxf7+ R6xf7 $11) 24... g6 $16) ({White should play} 23. Rf4 $18) 23... Nxf5 {[%emt 0:17:05]} (23... Ng4 $16 {was necessary.}) 24. g4 $18 {[%emt 0:04:15]} Re6 $2 {[%emt 0:05:44]} (24... Nxd4 {was worth a try.} 25. exd4 Qe6 26. Rxf8+ (26. Qxc7 Qxg4+ 27. Qg3 Qxg3+ 28. hxg3 Rc8 $16) 26... Kxf8 27. Rf1+ (27. Qxc7 Qxg4+ 28. Qg3 Qxg3+ 29. hxg3 Kf7 $16) 27... Kg8 28. Qxe6+ (28. Qxc7 h6 $18) 28... Rxe6) 25. Qxd5 {[%emt 0:00:55][%mdl 64] Pin} Ne7 {[%emt 0:05:41]} 26. Qd7 {[%emt 0:00:44]} (26. Rxf7 Nxd5 27. Rxf8+ Kxf8 $15) 26... Rf6 {[%emt 0:00:23]} 27. Bxf6 {[%emt 0:00:25]} gxf6 {[%emt 0:00:06]} 28. Qxc7 {[%emt 0:01:17]} Qe6 {[%emt 0:00:05]} 29. Qf4 {[%emt 0:02:15]} Rf7 {[%emt 0:00:29]} 30. Kh1 {[%emt 0:00:52]} Kg7 {[%emt 0:00:51]} 31. Rc1 {[%emt 0:02:07]} Nd5 {[%emt 0:00:12]} 32. Qf5 {[%emt 0:02:11]} Qxf5 {[%emt 0:06:36]} 33. Rxf5 {[%emt 0:00:05]} ({Don't take} 33. gxf5 Nxe3 34. Rf4 Rd7 35. Rg1+ (35. Rxe4 Nxf5 36. Kg2 h6 $18) 35... Kf7 $18) 33... Rd7 {[%emt 0:00:20] [#]} 34. Rxd5 {[%emt 0:02:52]} Rxd5 {[%emt 0:00:11][%mdl 4096] Endgame KR-KR} 35. Rc7+ {[%emt 0:00:02]} Kg6 {[%emt 0:00:15]} 36. Rxa7 {[%emt 0:00:55]} h5 {[%emt 0:00:35]} 37. Re7 {[%emt 0:01:24]} hxg4 {[%emt 0:02:57]} 38. Rxe4 {[%emt 0:00:14]} Kg5 {[%emt 0:01:01]} 39. Re6 {[%emt 0:01:15]} Rd8 {[%emt 0:00:46]} 40. Rc6 {[%emt 0:01:55]} Ra8 {[%emt 0:00:57]} 41. Rc3 {[%emt 0:30:53]} (41. Rxb6 Rxa3 42. Rb5+ Kg6 $14) 41... Kf5 {[%emt 0:32:18]} 42. Kg2 {[%emt 0:00:40]} Ke4 {[%emt 0:00:51] [#]} 43. Rc6 $1 {[%emt 0:02:02]} Kxe3 {[%emt 0:01:54]} (43... Kf5 {might work better.}) 44. Rxf6 {[%emt 0:01:40]} b5 {[%emt 0:08:32]} 45. Kg3 {[%emt 0:12:48]} Kxd4 {[%emt 0:02:42]} (45... Rxa3 $142 46. d5 (46. Kxg4 Ra4 $16) 46... Rd3) 46. Kxg4 {[%emt 0:00:17]} Rxa3 $2 {[%emt 0:00:38]} (46... Rg8+ 47. Kf3 Ra8) 47. h4 {[%emt 0:00:10] Threatens to win with h5.} Kc3 {[%emt 0:02:53] [#]} 48. Rf4 $1 {[%emt 0:00:53]} ({Inferior is} 48. h5 Kxb4 49. h6 Ra7 $11) 48... Ra8 {[%emt 0:00:00]} 49. h5 {[%emt 0:00:00]} Rg8+ {[%emt 0:00:00]} 50. Kf5 {[%emt 0:00:00]} Rf8+ {[%emt 0:00:00]} 51. Ke5 {[%emt 0:00:00]} Rh8 {[%emt 0:00:00]} 52. Rh4 {[%emt 0:00:00]} Rh6 {[%emt 0:00:00]} 53. Kf5 {[%emt 0:00:00]} Kb3 {[%emt 0:00:00]} 54. Kg5 {[%emt 0:00:00]} Rh8 {[%emt 0:00:00]} 55. h6 {[%emt 0:00:00]} Ka4 {[%emt 0:00:00]} 56. Kg6 {[%emt 0:00:00]} Rg8+ {[%emt 0:00:00]} 57. Kf7 {[%emt 0:00:00]} Ra8 {[%emt 0:00:00]} 58. h7 {[%emt 0:00:00]} Kb3 {[%emt 0:00:00]} 59. Kg7 {[%emt 0:00:00]} Ra7+ {[%emt 0:00:00]} 60. Kg6 {[%emt 0:00:00]} Ra8 {[%emt 0:00:00]} 61. Kg7 {[%emt 0:00:00]} Ra7+ {[%emt 0:00:00]} 62. Kf6 {[%emt 0:00:00] White mates.} Ra8 {[%emt 0:00:00]} 63. h8=Q {[%emt 0:00:00]} Rxh8 {[%emt 0:00:00]} 64. Rxh8 {[%emt 0:00:00]} Kxb4 {[%emt 0:00:00]} 65. Ke5 {[%emt 0:00:00]} Kc3 {[%emt 0:00:00]} 66. Rc8+ {[%emt 0:00:00]} Kd3 {[%emt 0:00:00]} 67. Rb8 {[%emt 0:00:00]} Kc4 {[%emt 0:00:00]} 68. Ke4 {[%emt 0:00:00] Weighted Error Value: White=0.13 (very precise) /Black=0.39} 1-0

[Event "German Bundesliga 2021-22"]
[Site "Germany"]
[Date "2022.04.30"]
[Round "5.5"]
[White "Pruijssers, Roeland"]
[Black "Sorensen, Hampus"]
[Result "1-0"]
[WhiteElo "2565"]
[BlackElo "2367"]
[Annotator "TA"]
[PlyCount "79"]
[EventDate "2022.03.05"]
[EventType "team-tourn"]
[EventCountry "GER"]
[SourceTitle "playchess.com"]
[Source "ChessBase"]
[SourceQuality "1"]
[TimeControl "40/5400+30:1800+30"]

{[%evp 21,79,16,16,0,0,0,0,-12,-12,-15,8,12,25,31,28,23,35,35,40,26,42,16,94,85,71,84,70,14,19,0,0,0,0,0,0,0,0,0,0,0,0,0,10,13,16,4,5,4,57,79,282,159,113,0,277,0,123,110,460,467]} 1. e4 {[%emt 0:00:00]} c5 {[%emt 0:00:00]} 2. Nc3 {[%emt 0:00:00]} Nc6 {[%emt 0:00:00]} 3. g3 {[%emt 0:00:00]} g6 {[%emt 0:00:00]} 4. Bg2 {[%emt 0:00:00]} Bg7 {[%emt 0:00:00]} 5. d3 {[%emt 0:00:00]} e6 {[%emt 0:00:00]} 6. Be3 {[%emt 0:00:00]} d6 {[%emt 0:00:00]} 7. Qd2 {[%emt 0:00:00]} Rb8 {[%emt 0:00:00]} 8. Nge2 {[%emt 0:08:31]} b5 {[%emt 0:01:01]} 9. a3 {[%emt 0:04:54]} Nd4 {[%emt 0:05:27]} 10. O-O {[%emt 0:00:46]} Ne7 {[%emt 0:03:55]} 11. Bh6 {[%emt 0:08:50]} O-O {[%emt 0:17:49]} 12. Nxd4 {[%emt 0:05:23] B26: Closed Sicilian: 3 g3, lines with early Be3.} cxd4 {[%emt 0:00:24]} 13. Ne2 {[%emt 0:01:57]} e5 {[%emt 0:00:31] [#]} 14. c3 $146 {[%emt 0:11:05] The position is equal.} ({Predecessor:} 14. Rac1 a5 15. c3 dxc3 16. Rxc3 b4 17. Rc2 bxa3 18. bxa3 Ba6 {½-½ (18) Beyer Lecaros,A (2256)-Corti,H Argentina 2000}) 14... dxc3 {[%emt 0:01:51]} (14... Bxh6 {seems wilder.} 15. Qxh6 dxc3 16. bxc3 Be6) 15. Nxc3 {[%emt 0:00:08]} Be6 {[%emt 0:05:38]} 16. Be3 {[%emt 0:11:25]} Qd7 {[%emt 0:09:05]} 17. d4 {[%emt 0:03:57]} exd4 {[%emt 0:05:45]} 18. Bxd4 {[%emt 0:00:20]} Bxd4 {[%emt 0:01:01]} 19. Qxd4 {[%emt 0:00:07]} Rfd8 {[%emt 0:06:36]} 20. f4 {[%emt 0:04:27][%cal Bf2f4,Bf4f5][%mdl 32]} Nc6 {[%emt 0:09:22]} 21. Qd2 {[%emt 0:04:55]} b4 {[%emt 0:02:31]} (21... a5 $11 {keeps the balance.}) 22. axb4 $16 {[%emt 0:00:37]} Nxb4 {[%emt 0:00:18]} 23. f5 {[%emt 0:04:56]} Bc4 {[%emt 0:01:06]} 24. Qh6 {[%emt 0:16:35]} (24. Rf2 $14) 24... Qe7 {[%emt 0:08:40]} (24... Bxf1 $2 {leads to mate.} 25. f6 Bxg2 26. Qg7#) 25. Rf4 {[%emt 0:00:21] Threatens to win with Rh4.} Qf8 $1 {[%emt 0:02:31]} 26. Qxf8+ {[%emt 0:04:33]} Rxf8 {[%emt 0:05:24]} 27. e5 {[%emt 0:01:22]} d5 {[%emt 0:00:04]} 28. Rxa7 {[%emt 0:03:06]} Nc6 {[%emt 0:04:44]} 29. Rc7 {[%emt 0:01:39]} Nxe5 {[%emt 0:00:13]} 30. Nxd5 {[%emt 0:00:12]} Bxd5 {[%emt 0:00:50]} 31. Bxd5 {[%emt 0:00:02] Strongly threatening fxg6.} Rfd8 {[%emt 0:03:29]} 32. Bb7 $36 {[%emt 0:00:25][%mdl 2048] White is more active.} g5 {[%emt 0:06:44]} 33. Rf2 {[%emt 0:01:05]} Rd1+ {[%emt 0:00:44]} 34. Kg2 {[%emt 0:00:11]} Nd3 {[%emt 0:00:58]} (34... Rd6 $11) 35. Re2 $14 {[%emt 0:00:15]} Rb1 $2 {[%emt 0:00:43]} (35... Kg7 $16 {was necessary.}) 36. Be4 {[%emt 0:01:40]} (36. Ba6 $18 Rc1 37. Bc4) 36... Rd1 $16 {[%emt 0:00:14] [#]} 37. Bb7 $2 {[%emt 0:03:15]} (37. f6 $1 $16) 37... Rb1 $1 $18 {[%emt 0:00:08][%cal Od3e5]} 38. Be4 {[%emt 0:00:55]} (38. Ba6 $18 {and White stays clearly on top.} Rc1 39. Bc4) 38... Rd1 $16 {[%emt 0:00:02] [#]} 39. f6 $1 {[%emt 0:00:58]} Nxb2 $2 {[%emt 0:00:45][%mdl 8192]} (39... Nb4 $16 40. Bf3 Nd5) 40. Rb7 {[%emt 0:00:23] Weighted Error Value: White=0.27 (precise) /Black=0.44} 1-0

[Event "German Bundesliga 2021-22"]
[Site "Germany"]
[Date "2022.04.30"]
[Round "5.5"]
[White "Teclaf, Pawel"]
[Black "L'Ami, Erwin"]
[Result "1/2-1/2"]
[WhiteElo "2542"]
[BlackElo "2622"]
[Annotator "TA"]
[PlyCount "19"]
[EventDate "2022.03.05"]
[EventType "team-tourn"]
[EventCountry "GER"]
[SourceTitle "playchess.com"]
[Source "ChessBase"]
[SourceQuality "1"]
[TimeControl "40/5400+30:1800+30"]

{[%evp 18,19,47,0]} 1. e4 {[%emt 0:00:00]} c5 {[%emt 0:00:00]} 2. Nf3 {[%emt 0:00:00]} Nc6 {[%emt 0:00:00]} 3. d4 {[%emt 0:00:00]} cxd4 {[%emt 0:00:00]} 4. Nxd4 {[%emt 0:00:00]} g6 {[%emt 0:00:00]} 5. c4 {[%emt 0:04:23]} Bg7 {[%emt 0:00:00]} 6. Be3 {[%emt 0:00:06]} Qb6 {[%emt 0:00:00] [#]} 7. Nb3 $146 {[%emt 0:13:32]} ({Predecessor:} 7. Nb5 Qa5+ 8. N1c3 Nf6 9. f3 O-O 10. Qd2 a6 11. Nd4 d6 12. Be2 Nxd4 13. Bxd4 Be6 14. O-O Rfc8 15. b3 b5 16. cxb5 axb5 {0-1 (24) Kamsky,G (2661)-Abdusattorov,N (2661) Chess.com INT 2022}) 7... Qd8 {[%emt 0:00:00]} 8. Nd4 {[%emt 0:02:24]} Qb6 {[%emt 0:00:00]} 9. Nb3 {[%emt 0:22:10]} Qd8 {[%emt 0:00:00]} 10. Nd4 {[%emt 0:02:40]} (10. Qd2 $14 {deserves consideration.}) 1/2-1/2

[Event "German Bundesliga 2021-22"]
[Site "Germany"]
[Date "2022.04.30"]
[Round "5.5"]
[White "Braeuer, Franz"]
[Black "Ribli, Zoltan"]
[Result "1/2-1/2"]
[WhiteElo "2428"]
[BlackElo "2529"]
[Annotator "TA"]
[PlyCount "142"]
[EventDate "2022.03.05"]
[EventType "team-tourn"]
[EventCountry "GER"]
[SourceTitle "playchess.com"]
[Source "ChessBase"]
[SourceQuality "1"]
[TimeControl "40/5400+30:1800+30"]

{[%evp 14,142,19,19,26,0,-10,4,-6,7,0,-12,0,-7,12,16,7,11,21,13,16,6,6,6,37,19,29,13,12,13,13,0,69,68,73,69,69,64,67,65,81,59,64,79,122,117,136,136,139,135,154,140,147,142,135,127,127,131,154,150,201,212,195,204,198,186,170,155,155,164,202,209,261,254,336,311,309,294,346,341,358,327,352,218,345,337,358,318,354,352,349,334,309,276,402,381,580,524,725,565,1367,1345,2160,2043,3395,3054,1848,1448,2887,2583,2368,0,0,-29974,5808,5377,2594,1724,2182,0,0,0,0,0,0,0,0,0,0,0,0]} 1. e4 {[%emt 0:00:00]} c5 {[%emt 0:00:00]} 2. Nf3 {[%emt 0:00:00]} e6 {[%emt 0:00:00]} 3. d4 {[%emt 0:00:00]} cxd4 {[%emt 0:00:00]} 4. Nxd4 {[%emt 0:00:00]} Nc6 {[%emt 0:00:00]} 5. Nc3 {[%emt 0:00:00]} Qc7 {[%emt 0:00:00]} 6. g3 {[%emt 0:00:00]} a6 {[%emt 0:00:00]} 7. Bg2 {[%emt 0:00:00]} Nf6 {[%emt 0:00:00]} 8. O-O {[%emt 0:00:00]} h5 {[%emt 0:00:00] 8...Nxd4 is becoming the main line. B47: Sicilian: Taimanov: 5 Nc3 Qc7 6 f4, 6 g3 and 6 Be2.} 9. Re1 {[%emt 0:00:00][%cal Oc3d5]} Nxd4 {[%emt 0:00:00]} 10. Qxd4 {[%emt 0:00:00]} Bc5 {[%emt 0:00:00]} 11. Bf4 {[%emt 0:08:26] And now Qxf6 would win.} d6 $1 {[%emt 0:00:01]} (11... Qb6 12. Qd2 $16) 12. Qd2 {[%emt 0:01:42] e5 is the strong threat.} Ng4 {[%emt 0:01:22] Against e5} 13. Re2 {[%emt 0:08:32][%cal Ob2b4]} Ne5 {[%emt 0:07:46]} (13... e5 $5 {[%cal Re5f4]} 14. Nd5 Qd8 $11) 14. Na4 {[%emt 0:18:38]} Ba7 {[%emt 0:03:52]} 15. b3 {[%emt 0:00:19]} Bd7 {[%emt 0:06:07]} 16. Nb2 $1 {[%emt 0:01:05] [#]} Rd8 $146 {[%emt 0:08:39]} ({Predecessor:} 16... O-O-O 17. Rd1 {½-½ (17) Tiviakov,S (2591)-Alekseev,E (2633) Nakhchivan 2016}) 17. Be3 {[%emt 0:07:50]} Bxe3 {[%emt 0:00:38]} 18. Qxe3 {[%emt 0:00:07]} O-O {[%emt 0:01:20]} 19. Rd2 {[%emt 0:01:16]} Ng4 {[%emt 0:05:17]} 20. Qd4 {[%emt 0:02:58]} Bc6 {[%emt 0:00:13]} 21. Rad1 {[%emt 0:06:28]} d5 {[%emt 0:01:13] Prevents Nc4.} 22. h3 {[%emt 0:05:15]} Nh6 {[%emt 0:14:34]} (22... Nf6 $1 $11) 23. exd5 $14 {[%emt 0:04:17]} Bxd5 {[%emt 0:00:30]} 24. Qh4 {[%emt 0:09:16][%csl LRd5,LRh5]} Nf5 {[%emt 0:04:58][%cal Bh6f5,Bf5e7,Be7d5][%mdl 32]} 25. Qg5 {[%emt 0:00:26][%cal Rg2d5]} (25. Qxh5 Bxg2 26. Rxd8 (26. Kxg2 $2 Rxd2 27. Rxd2 Qe5 $19) 26... Rxd8 $11) 25... Ne7 {[%emt 0:09:11]} 26. Qxh5 {[%emt 0:02:18]} ({Reject} 26. Bxd5 Rxd5 27. Rxd5 Nxd5 $11) 26... Bxg2 {[%emt 0:00:47]} 27. Kxg2 {[%emt 0:03:16]} Rxd2 {[%emt 0:01:23]} 28. Rxd2 {[%emt 0:00:01]} Qc3 {[%emt 0:00:21]} 29. Nc4 {[%emt 0:00:46]} Nd5 {[%emt 0:04:06] [#]} 30. Qe5 $1 {[%emt 0:01:52] Threatens to win with Rxd5.} Qb4 {[%emt 0:00:06]} 31. Rd4 {[%emt 0:01:41]} Rd8 {[%emt 0:02:34]} 32. Rg4 {[%emt 0:05:06][%csl Gg4][%cal Re5g7]} Qf8 {[%emt 0:00:06]} 33. Nd2 $36 {[%emt 0:02:39][%mdl 2048] Keeping Black busy. White is more active.} Nf6 {[%emt 0:01:49]} 34. Qxf6 {[%emt 0:03:00]} Rxd2 $16 {[%emt 0:00:06][%mdl 4096] Endgame KQR-KQR} 35. Qc3 {[%emt 0:01:30]} Rd5 {[%emt 0:03:15]} 36. Rc4 {[%emt 0:05:25]} Qd6 {[%emt 0:02:22]} (36... Qe8 $16 37. h4 Rd8) 37. Rc8+ $18 {[%emt 0:00:15]} ({But not} 37. Rg4 $6 Qf8 38. Rc4 Qe8 $16) 37... Kh7 {[%emt 0:00:06]} 38. Qc7 {[%emt 0:00:11]} Qd7 {[%emt 0:02:56]} 39. Qxd7 {[%emt 0:02:12]} Rxd7 {[%emt 0:00:17] KR-KR} 40. Kf3 {[%emt 0:00:14]} Kg6 {[%emt 0:00:06]} 41. Ke3 {[%emt 0:33:03]} e5 {[%emt 0:30:19]} 42. c4 {[%emt 0:00:00]} f6 {[%emt 0:00:00]} 43. c5 {[%emt 0:00:00]} Kh6 {[%emt 0:00:00]} 44. c6 {[%emt 0:00:00]} bxc6 {[%emt 0:00:00]} 45. Rxc6 {[%emt 0:00:00]} a5 {[%emt 0:00:00]} 46. Rc5 {[%emt 0:00:00] Prevents Rd5.} Ra7 {[%emt 0:00:00]} 47. a4 {[%emt 0:00:00]} Kg6 {[%emt 0:00:00]} 48. Kd3 {[%emt 0:00:00]} Ra8 {[%emt 0:00:00]} (48... Kf5 $142 49. Rb5 Ke6) 49. Ke4 {[%emt 0:00:00]} Ra7 {[%emt 0:00:00]} 50. Rb5 {[%emt 0:00:00]} Ra8 {[%emt 0:00:00]} 51. f4 {[%emt 0:00:00]} exf4 {[%emt 0:00:00]} 52. Kxf4 {[%emt 0:00:00]} Ra7 {[%emt 0:00:00]} 53. h4 {[%emt 0:00:00]} Ra8 {[%emt 0:00:00]} (53... Kf7 {is a better defense.} 54. Kf5 g6+ 55. Kf4 Kg7) 54. Ke4 {[%emt 0:00:00]} Ra7 {[%emt 0:00:00]} (54... Kh6 $142 55. g4 g6) 55. Kd4 {[%emt 0:00:00]} Ra8 {[%emt 0:00:00]} 56. Kc4 {[%emt 0:00:00]} Kh6 {[%emt 0:00:00]} 57. b4 {[%emt 0:00:00]} axb4 {[%emt 0:00:00]} 58. Kxb4 {[%emt 0:00:00]} Re8 {[%emt 0:00:00]} 59. Rc5 {[%emt 0:00:00]} Rb8+ {[%emt 0:00:00]} 60. Kc3 {[%emt 0:00:00]} Rb1 {[%emt 0:00:00]} 61. a5 {[%emt 0:03:39]} Rg1 {[%emt 0:00:00]} 62. a6 $2 {[%emt 0:00:09]} (62. Kb4 $18 {Black must now prevent a6.} Rxg3 63. a6) 62... Ra1 $11 {[%emt 0:00:00]} 63. Rc6 $2 {[%emt 0:00:27][%mdl 8192]} (63. Kd4 $11) 63... Kh5 $4 {[%emt 0:00:00][%mdl 8192]} (63... Rc1+ {avoids the disaster.} 64. Kb4 Rxc6 65. Kb5 {[#]} Rxa6 $3 {[%mdl 512]} 66. Kxa6 Kh5 67. Kb5 Kg4 68. Kc4 Kxg3 69. Kd4 Kxh4 70. Ke3 Kg4 71. Ke2 f5 72. Kf2 f4 73. Kg1 f3 74. Kf1 Kf4 75. Kf2 g5 76. Kf1 g4 77. Kf2 g3+ 78. Kg1 Ke3 79. Kh1 g2+ 80. Kg1 Ke2 81. Kh2 Kf2 82. Kh3 g1=Q 83. Kh4 Qg6 84. Kh3 Qh5#) 64. Kb2 {[%emt 0:03:19]} Ra5 {[%emt 0:00:00]} 65. Kb3 {[%emt 0:00:01] Hoping for Kb4.} Kg4 {[%emt 0:00:00]} 66. Rc4+ $2 {[%emt 0:00:19]} (66. Kb4 $18 Ra1 67. Kb5 Rb1+ 68. Ka5 Ra1+ 69. Kb6) 66... Kxg3 {[%emt 0:00:00] The position is equal.} 67. Ra4 {[%emt 0:00:03]} Rb5+ {[%emt 0:00:00]} 68. Rb4 {[%emt 0:02:21]} (68. Kc2 $5 {[%cal Ra6a7]} Rb8 69. h5 $18 (69. a7 Ra8 $18)) 68... Ra5 {[%emt 0:00:00]} 69. Ra4 {[%emt 0:00:01]} Rb5+ {[%emt 0:00:00]} 70. Rb4 {[%emt 0:03:22]} Ra5 {[%emt 0:00:00]} 71. Ra4 {[%emt 0:00:04]} Rb5+ {[%emt 0:00:00] Never resign too early!  Weighted Error Value: White=0.11 (very precise) /Black=0.27 (precise)} 1/2-1/2

[Event "German Bundesliga 2021-22"]
[Site "Germany"]
[Date "2022.04.30"]
[Round "5.6"]
[White "Warmerdam, Max"]
[Black "Parvanyan, Ashot"]
[Result "1-0"]
[WhiteElo "2607"]
[BlackElo "2462"]
[Annotator "TA"]
[PlyCount "71"]
[EventDate "2022.03.05"]
[EventType "team-tourn"]
[EventCountry "GER"]
[SourceTitle "playchess.com"]
[Source "ChessBase"]
[SourceQuality "1"]
[TimeControl "40/5400+30:1800+30"]

{[%evp 21,71,30,61,24,38,41,124,53,100,87,102,50,80,77,100,58,58,55,115,108,100,106,88,67,82,64,75,91,87,76,75,45,33,41,53,43,46,23,18,15,143,152,199,192,179,141,420,428,425,421,399,243]} 1. c4 {[%emt 0:00:00]} Nf6 {[%emt 0:00:00]} 2. Nc3 {[%emt 0:00:00]} g6 {[%emt 0:00:00]} 3. e4 {[%emt 0:00:00]} d6 {[%emt 0:00:00]} 4. d4 {[%emt 0:00:00][%cal Bd2d4,Bd4d5][%mdl 32]} Bg7 {[%emt 0:00:00]} 5. Nf3 {[%emt 0:00:00]} O-O {[%emt 0:00:00]} 6. Be2 {[%emt 0:00:00]} e5 {[%emt 0:00:00]} 7. O-O {[%emt 0:00:00]} Nc6 {[%emt 0:00:00]} 8. d5 {[%emt 0:00:00]} Ne7 {[%emt 0:00:00]} 9. b4 {[%emt 0:00:00]} a5 {[%emt 0:00:00]} 10. bxa5 $1 {[%emt 0:00:00][%mdl 4] outshines the older 10.Ba3.} Nh5 {[%emt 0:06:12]} 11. Re1 {[%emt 0:00:00]} f5 {[%emt 0:03:26]} 12. a4 {[%emt 0:04:57][%cal Oc4c5] E97: King's Indian: Classical Main Line (6...e5 7 0-0 Nc6): 8 Be3 and 8 d5 Ne7, not 9 Ne1.} Nf4 {[%emt 0:11:22]} 13. Bf1 {[%emt 0:02:16][%cal Oc4c5]} h6 {[%emt 0:00:18]} (13... Rxa5 $14 14. Qb3 fxe4 15. Nxe4 Bg4) 14. Ra3 {[%emt 0:12:24]} (14. Bxf4 $16 exf4 15. e5) 14... g5 {[%emt 0:06:01]} (14... Rxa5 $14 15. exf5 Nxf5) 15. Nd2 {[%emt 0:02:56][%cal Oc4c5]} Rxa5 {[%emt 0:03:32] [#]} 16. Bb2 $146 {[%emt 0:08:01]} (16. g3 $16) ({Predecessor:} 16. g3 Nfg6 17. exf5 Bxf5 18. Nce4 b6 19. Nb3 Ra7 20. a5 Qa8 21. Nc3 Bd7 22. Ne4 {0-1 (48) Mahjoob,M (2519)-Moghaddamian A,A (2202) Tabriz 2011}) 16... b6 {[%emt 0:12:39]} 17. Nb5 {[%emt 0:03:15]} Ra8 {[%emt 0:03:34]} 18. Qa1 {[%emt 0:07:11]} Bd7 {[%emt 0:04:21]} 19. g3 {[%emt 0:05:27]} Nfg6 {[%emt 0:02:56]} (19... Nh5 $1 $14) 20. a5 $16 {[%emt 0:00:42]} bxa5 {[%emt 0:04:16]} 21. Rxa5 {[%emt 0:01:23]} Rb8 {[%emt 0:00:47]} 22. c5 {[%emt 0:28:27]} dxc5 {[%emt 0:05:57]} 23. Nc3 {[%emt 0:01:22] 0x0.001ae9bbc497dp-1022s more active pieces.} f4 {[%emt 0:03:49]} 24. Ba3 {[%emt 0:00:59]} (24. Rxc5 Nc8 $11) 24... Nc8 {[%emt 0:03:32]} 25. Bxc5 {[%emt 0:00:38]} Nd6 {[%emt 0:02:02]} 26. Ra7 {[%emt 0:00:13]} Rf7 {[%emt 0:03:43]} 27. Rb1 {[%emt 0:06:58]} Rxb1 {[%emt 0:00:45]} 28. Ncxb1 {[%emt 0:00:09] [#] Bxd6 is the strong threat.} ({Resist} 28. Qxb1 Bf8 $16) 28... Bf8 {[%emt 0:02:07]} 29. Qa5 {[%emt 0:02:05] Strongly threatening Bxd6.} (29. Ra8 $5 {[%cal Ra8d8]} Qf6 30. Qa7 $16) 29... Bc8 {[%emt 0:03:36]} 30. Qb4 {[%emt 0:02:26] Against Nb7} Qf6 {[%emt 0:10:05] [#]} (30... h5 $11 {remains equal.}) 31. Qb8 $1 $36 {[%emt 0:00:46][%mdl 2048] White is on the roll.} Ne8 {[%emt 0:01:52]} (31... fxg3 $16 32. hxg3 Ne8) 32. Qxc8 $18 {[%emt 0:09:09]} Bxc5 {[%emt 0:00:28]} 33. Qxe8+ {[%emt 0:00:26]} Nf8 $2 {[%emt 0:02:21][%mdl 8192]} (33... Rf8 $16 34. Ra6 Bxf2+ 35. Kg2 Bb6 36. Qe6+ Qxe6 37. dxe6 fxg3 38. hxg3 (38. Kxg3 Bf2+ 39. Kg2 Bb6 $18) 38... Kg7) 34. Ra6 {[%emt 0:00:10]} Bxf2+ {[%emt 0:02:17]} 35. Kh1 {[%emt 0:00:42]} Bb6 {[%emt 0:00:11]} 36. Qc6 {[%emt 0:00:13] Weighted Error Value: White=0.15 (very precise) /Black=0.37} 1-0